000 00815nam a2200253Ia 4500
003 GCL
008 140319s9999 xx 000 0 ara d
020 _a8225401977
040 _aGCL /
_cGCL
082 0 4 _a962.08
_bهـ م
100 1 _aالهيئة المصرية العامة للكتاب
245 1 0 _aمبارك والعالم العربى /
_cالهيئة المصرية العامة للكتاب
250 _aالاولى
260 _aالقاهرة :
_bالهيئة المصرية العامة للكتاب ،
_c1989
300 _a341 ص ؛
_c24 سم
490 _a
650 0 4 _aالعصر الحديث
650 0 4 _aمصر
650 0 4 _aالعالم العربى
650 0 4 _aتاريخ
650 0 4 _aالاحوال السياسية
650 0 4 _aحسنى مبارك
942 _2ddc
_cBK
999 _c27773
_d27773